| 000 | 00344nam a2200133Ia 4500 | ||
|---|---|---|---|
| 008 | 191201s2005 xx 000 0 und d | ||
| 100 | _aSharma, A K | ||
| 245 | 0 | _aFundamentals of Computer & Programming with C | |
| 250 | _a- | ||
| 260 |
_c2005 _bDhanpat Rai Pubns (P) Ltd _aN.Delhi |
||
| 300 | _a19.39 | ||
| 650 | _aAPPLIED | ||
| 942 |
_2ddc _cBB _02 |
||
| 999 |
_c7244 _d7244 |
||